Recreation planning and design
Αποθηκεύτηκε σε:
| Κύριος συγγραφέας: | |
|---|---|
| Μορφή: | Βιβλίο |
| Γλώσσα: | English |
| Δημοσίευση: |
New York :
McGraw-Hill,
c1980
|
| Σειρά: | McGraw-Hill series in landscape and landscape architecture
|
| Θέματα: | |
| Ετικέτες: |
Προσθήκη ετικέτας
Δεν υπάρχουν, Καταχωρήστε ετικέτα πρώτοι!
|
MARC
| LEADER | 00000nam a2200000 i 4500 | ||
|---|---|---|---|
| 001 | 1/64821 | ||
| 008 | 931004s1980 eng d | ||
| 020 | |a 0-07-023644-5 | ||
| 035 | |a ΛΕΣΒΟΣb10001451 |l 10001451 | ||
| 040 | |a GR-MY-UA |b gre |e aacr | ||
| 041 | 0 | |a eng | |
| 082 | 0 | |a 711.558 |2 (22) | |
| 100 | 1 | |a Gold, Seymour M. | |
| 245 | 1 | 0 | |a Recreation planning and design / |c Seymour M. Gold |
| 260 | |a New York : |b McGraw-Hill, |c c1980 | ||
| 300 | |a 322 p. | ||
| 490 | 1 | |a McGraw-Hill series in landscape and landscape architecture | |
| 504 | |a Includes bibliographical references and index | ||
| 650 | 0 | 0 | |a Recreation |z United States |x Planning. |
| 650 | 0 | 0 | |a Recreation areas. |
| 650 | 0 | 0 | |a Open spaces. |
| 650 | 0 | 0 | |a Outdoor recreation |x Planning |z United States. |
| 650 | 0 | 0 | |a Recreational surveys |z United States. |
| 830 | 0 | |a McGraw-Hill series in landscape and landscape architecture | |
| 852 | |a INST |b LESVOS |e 19931004 |h 711.558 GOL |p 005100005167 |q 005100005167 |t BK |y 0 | ||
| 909 | |a Λ |b 013097 | ||